Tilastot visalle Euroopan 10 rikkainta valtiota

Klikkaa tästä pelataksesi tätä visaa!

Yleistilastot

  • Tätä visaa on pelattu 740 kertaa
  • Keskiarvotulos 8 / 10

Vastaustilastot

BKT per asukasValtio% Oikein
82 655 $Norja
93%
203 404 $Monaco
88%
87 963 $Sveitsi
82%
142 490 $Luxemburg
80%
133 735 $Liechtenstein
74%
78 926 $San Marino
71%
73 386 $Tanska
70%
72 973 $Alankomaat
68%
69 779 $Islanti
66%
145 196 $Irlanti
60%

Tulosjakauma

Persentiili vastausten määrän mukaan

Jokaisen tuloksen saaneiden osuus

Tuloshistoriasi

Et ole pelannut tätä visaa